000
00273nam a22001217a 4500
008
180806b xxu||||| |||| 00| 0 eng d
082
_a
813.52
245
_a
They Might Be Giants
_c
Rounder
260
_c
2002
300
_a
1
_f
CD
440
_x
011661811324
942
_2
ddc
_c
MX
999
_c
46844
_d
46844